[Event "Liptovsky Jan op"]
[Site "Liptovsky Jan"]
[Date "2022.06.26"]
[Round "7"]
[White "Moravcik, Alex"]
[Black "Szaszak, Matej"]
[Result "1-0"]
[WhiteElo "1000"]
[BlackElo "1226"]
[PlyCount "89"]
[EventDate "2022.06.23"]
[EventType "swiss"]
[EventRounds "7"]
[EventCountry "SVK"]
[SourceTitle "CBM 209 Extra"]
[Source "ChessBase"]
[SourceDate "2022.09.30"]
[SourceVersion "1"]
[SourceVersionDate "2022.09.30"]
[SourceQuality "1"]

1. d4 d5 2. c4 e6 3. Nf3 c5 4. e3 cxd4 5. exd4 Nf6 6. Bg5 Be7 7. Bxf6 Bxf6 8. Be2 Qb6 9. Qd2 0-0 10. Nc3 Nc6 11. Rd1 Qc7 12. cxd5 exd5 13. Nxd5 Qd8 14. Nxf6+ Qxf6 15. 0-0 Be6 16. Bd3 Kh8 17. Qe3 Rfe8 18. Rde1 Bd7 19. Be4 Bf5 20. Qd3 Nb4 21. Qb1 Bxe4 22. Rxe4 Rxe4 23. Qxe4 Nxa2 24. Re1 h6 25. Qxb7 Qd8 26. Qb3 Qa5 27. Qxf7 Qa4 28. Ne5 Qb4 29. Kf1 Qb5+ 30. Kg1 Qb8 31. Qxa2 Qe8 32. Nf7+ Kh7 33. Rxe8 Rxe8 34. h3 Re1+ 35. Kh2 Rd1 36. Qxa7 Rd2 37. Qb7 Rxd4 38. b4 Rf4 39. b5 Rxf2 40. b6 Rb2 41. Qc7 Rxb6 42. Qxb6 Kg8 43. Nxh6+ gxh6 44. Qb7 h5 45. Kg3 1-0